Countries at 10°E Longitude - Statistics

General Stats
  • This quiz has been taken 24 times
  • The average score is 13 of 14
Answer Stats
Country % Correct
Italy
100%
Libya
100%
Denmark
96%
Germany
96%
Norway
96%
Niger
91%
Nigeria
91%
Switzerland
91%
Algeria
87%
Cameroon
87%
Equatorial Guinea
87%
Austria
83%
Gabon
83%
Tunisia
83%
No matching quizzes found
Score Distribution
Percent of People with Each Score
Percentile by Number Answered
Your Score History
You have not taken this quiz